Capitales du monde - Statistiques

Statistiques générales
  • Ce quiz a été pris 63 fois
  • Le résultat moyen est 11 sur 15
Statistiques - réponses
Hint Réponse % Correct
Autriche Vienne
98%
Perou Lima
92%
Indonésie Jakarta
87%
Cuba La Havane
87%
Uruguay Montevideo
87%
Venezuela Caracas
80%
Nouvelle Zélande Wellington
78%
Jamaïque Kingston
77%
Mongolie Oulan-Bator
73%
Afrique du sud Pretoria
67%
Angola Luanda
58%
Belize Belmopan
53%
Namibie Windhoek
53%
Moldavie Chisinau
50%
Oman Mascate
45%
Aucun quiz correspondant
Distribution des résultats
% des personnes avec chaque résultat
Percentile par nombre de réponses
Votre historique - résultats
Vous n’avez pas pris ce quiz